000
00207nam a2200097Ia 4500
008
240331s9999 xx 000 0 und d
082
_b
OND
100
_a
Ondaatje, M
245
0
_a
Theenglish patient
942
_c
L
999
_c
4433
_d
4433